LEADER 02119nlm 2200325 a 450 001 996449348003316 005 20220105081719.0 010 $a9780823242610 100 $a20120106d2012---- uy 0 101 0 $aeng 102 $aUS 135 $adrcnu 200 1 $a<> common strangeness$econtemporary poetry, cross-cultural encounter, comparative literature$fJacob Edmond 210 1 $aNew York$cFordham University Press$d2012 215 $aTesto elettronico (PDF) (XV, 272 p. : ill.) 225 2 $aVerbal arts : studies in poetics 230 $aBase dati testuale 330 $aPerché il nostro mondo è ancora compreso attraverso opposizioni binarie - Est e Ovest, locale e globale, comune e strano - che avrebbero dovuto crollare con il muro di Berlino? Cosa potrebbero dirci le risposte letterarie agli eventi che hanno inaugurato la nostra era di globalizzazione sulle basi retoriche e storiche di queste dicotomie? In A Common Strangeness, Jacob Edmond esemplifica un approccio nuovo, multilingue e multilaterale agli studi letterari e culturali. Inizia con l'ingresso della Cina nel capitalismo multinazionale e la comparsa del flâneur parigino negli scritti di un poeta cinese esiliato ad Auckland, in Nuova Zelanda. Muovendosi tra esempi poetici in russo, cinese e inglese, ripercorre poi una serie di incontri modellati da eventi economici e geopolitici dalla Rivoluzione Culturale, la perestrojka e il massacro del 4 giugno al crollo dell'Unione Sovietica, l'11 settembre e il invasione dell'Iraq. In questi incontri, Edmond rintraccia una preoccupazione condivisa per la stranezza attraverso la quale i poeti hanno contestato le vecchie opposizioni binarie mentre riemergevano in nuove forme post-guerra fredda. 410 0$aVerbal arts: studies in poetics. 606 0 $aLetteratura comparata$2BNCF 676 $a809.104 700 1$aEDMOND,$bJacob$0982321 801 0$bcba$aIT$bcba$gREICAT 801 1$bcba$aIT$bcba$gREICAT 801 2$bcba$aIT$bcba$gREICAT 912 $a996449348003316 959 $aEB 969 $aER 996 $aCommon strangeness$92566111 997 $aUNISA LEADER 02048nam 2200493z- 450 001 9910557565803321 005 20211118 035 $a(CKB)5400000000043969 035 $a(oapen)https://directory.doabooks.org/handle/20.500.12854/74395 035 $a(oapen)doab74395 035 $a(EXLCZ)995400000000043969 100 $a20202111d2020 |y 0 101 0 $aeng 135 $aurmn|---annan 181 $ctxt$2rdacontent 182 $cc$2rdamedia 183 $acr$2rdacarrier 200 00$aAdvances in Plasma Cells in Health and Disease 210 $cFrontiers Media SA$d2020 215 $a1 online resource (139 p.) 311 08$a2-88966-266-7 330 $aThis eBook is a collection of articles from a Frontiers Research Topic. Frontiers Research Topics are very popular trademarks of the Frontiers Journals Series: they are collections of at least ten articles, all centered on a particular subject. With their unique mix of varied contributions from Original Research to Review Articles, Frontiers Research Topics unify the most influential researchers, the latest key findings and historical advances in a hot research area! Find out more on how to host your own Frontiers Research Topic or contribute to one as an author by contacting the Frontiers Editorial Office: frontiersin.org/about/contact 606 $aImmunology$2bicssc 606 $aMedicine and Nursing$2bicssc 610 $aallergy 610 $aantibody 610 $abone marrow 610 $aimmunoglobulin 610 $amultiple myeloma 610 $aniche 610 $aplasma cell 610 $aserological memory 615 7$aImmunology 615 7$aMedicine and Nursing 700 $aEun-Hyung Lee$b F$4edt$01323418 702 $aWrammert$b Jens$4edt 702 $aCenci$b Simone$4edt 702 $aEun-Hyung Lee$b F$4oth 702 $aWrammert$b Jens$4oth 702 $aCenci$b Simone$4oth 906 $aBOOK 912 $a9910557565803321 996 $aAdvances in Plasma Cells in Health and Disease$93035528 997 $aUNINA